| 000 | 00832nam a2200193 a 4500 | ||
|---|---|---|---|
| 001 | BRCA_2040 | ||
| 005 | 20190320203639.0 | ||
| 008 | 010808m19082007sp-a---###---#000-0#spa-# | ||
| 020 | _a8423945006 (Obra completa) | ||
| 050 | 4 |
_aAE61 _b.E53 1908 |
|
| 245 | 1 | 0 |
_aEnciclopedia universal ilustrada europeo-americana _betimologías sánscrito, hebreo, griego, latín, árabe, lenguas indígenas americanas, etc. |
| 260 |
_aMadrid _bEspasa-Calpe _c1908-2007 |
||
| 300 |
_a118 v. _bil. (algunas a color) _c25 cm. |
||
| 500 | _aVersiones de la mayoría de las voces en francés, italiano, inglés, alemán, portugués, catalán, esperanto | ||
| 500 | _aLa enciclopedia cuenta con 11 apéndices A-Z y con 37 suplementos anuales de 1934 a 2006 | ||
| 650 | 1 | 4 |
_aEnciclopedias y diccionarios españoles _96234 |
| 902 | _aREF | ||
| 942 |
_2lcc _cB |
||
| 999 |
_c1806 _d1806 |
||